000 00486nam a22001697a 4500
005 20251108165333.0
008 250721s1994 xx 000 0 ara d
082 1 4 _a637.1/أحم
100 1 _aبدران، أحمد السيد
245 1 0 _aالحليب الآلي و إنتاج اللبن /
264 1 _aالإسكندرية :
_bمنشأة المعارف،
_c1994.
300 _a273ص
650 1 7 _aالألبان
650 1 7 _aالحليب
942 _2ddc
_cBK
999 _c25441
_d25441